000 01960cam a2200397 i 4500
001 10797307
003 OSt
005 20240530110627.0
008 140316s2014 ua 000 0 fre c
020 _a9782724706383
035 _a(OCoLC)879444393
040 _cEG-CAGPL
_aEG-CaGPL
082 1 4 _a932\
_221
_bCC/M J
100 1 _aMeurice, Cédric,
_d1970-,
_eauthor.
245 1 0 _aJean Clédat en Égypte et en Nubie (1900-1914) /
_cCédric Meurice.
264 1 _aLe Caire :
_bInstitut français d'archéologie orientale,
_c2014.
300 _axii, 533 pages :
_billustrations (some color), maps (some color);
_c28 cm.
336 _atext
_2rdacontent
337 _aunmediated
_2rdamedia
338 _avolume
_2rdacarrier
490 1 _aBibliothèque d'étude,
_x0259-3823;
_v158
490 1 _aIF ;
_v1085
600 1 0 _aClédat, Jean,
_d1871-1943
_xTravel
_zEgypt.
600 1 0 _aClédat, Jean,
_d1871-1943
_xTravel
_zNubia.
650 0 _aExcavations (Archaeology)
_zEgypt.
650 0 _aExcavations (Archaeology)
_zNubia.
650 0 _aExcavations (Archaeology)
_xHistory
_y20th century.
650 0 _aEgyptology
_zFrance
_xHistory
_y20th century.
653 _aEgypt
_aNubia
_aExcavations (Archaeology)
_aEgyptology
_aHistory
_a20th century
830 0 _aBibliothèque d'étude ;
_vt. 158.
830 0 _aPublications de l'Institut français d'archéologie orientale du Caire ;
_v1085.
856 _uhttp://bvbr.bib-bvb.de:8991/F?func=service&doc_library=BVB01&local_base=BVB01&doc_number=027264903&line_number=0001&func_code=DB_RECORDS&service_type=MEDIA
_zInhaltsverzeichnis
856 _uhttp://bvbr.bib-bvb.de:8991/F?func=service&doc_library=BVB01&local_base=BVB01&doc_number=027264903&line_number=0002&func_code=DB_RECORDS&service_type=MEDIA
_zKlappentext
856 _uhttp://bvbr.bib-bvb.de:8991/F?func=service&doc_library=BVB01&local_base=BVB01&doc_number=027264903&line_number=0003&func_code=DB_RECORDS&service_type=MEDIA
_zBuchcover
942 _2ddc
_cBK
999 _c63184
_d63184